| 000 | 00503nam a2200181Ia 4500 | ||
|---|---|---|---|
| 005 | 20250326141407.0 | ||
| 008 | 250326s9999 xx 000 0 und d | ||
| 037 | _aTextbook | ||
| 040 |
_aFMSL _beng _cFMSL |
||
| 041 |
_aeng _2eng |
||
| 084 |
_aX:8D M5;1 _qFMSL |
||
| 100 |
_aLal J _9702559 |
||
| 245 | 0 |
_aFicial reporting by diversified companies _cLal J |
|
| 260 |
_aNew Delhi _bNew Delhi, Vision Books _c1985 |
||
| 300 | _a179p | ||
| 942 |
_cTB _hX:8D M5;1 |
||
| 999 |
_c1290103 _d1290103 |
||